Word Ladder: Shirley That's Spelt Wrong Quiz Stats

Quiz Updated Apr 16, 2014

Challenge
Share
Tweet
Embed
Score 0/18 Timer 02:00
0 Plays Today
Wrong Spelling (if ♥) 4-Letter Word % Correct
Yogi, for oneBEAR
89.9%
Hot-dog holdersBUNS
79.1%
ScorchSEAR
71.5%
ProhibitsBANS
70.4%
Short hitBUNT
67.2%
AntidoteCURE
56.2%
CurveBEND
55.7%
♥ Troop ♥BAND
52%
♥ Ail ♥BEER
50.5%
Wrong Spelling (if ♥) 4-Letter Word % Correct
Rudely abruptCURT
49.7%
♥ Maze ♥CORN
48.1%
♥ Pray ♥HUNT
41.9%
♥ Soar ♥HURT
41.6%
♥ Profit ♥SEER
41.6%
♥ Male ♥SEND
40.5%
♥ Son ♥STAR
38.9%
♥ Route ♥CORE
36.4%
♥ Colonel ♥SEED
35.8%

Today's Daily Dose

You're not logged in!

Compare scores with friends on all Sporcle quizzes.
Sign Up with Email
OR
Log In

You Might Also Like...

Show Comments

Extras

Top Quizzes Today


Score Distribution

Your Account Isn't Verified!

In order to create a playlist on Sporcle, you need to verify the email address you used during registration. Go to your Sporcle Settings to finish the process.